00298nam a22001097a 4500020001500000082001800015100002100033245005000054250000900104260006700113300000800180 a8122411495 a519.3bRAO/EN aRao,Singiresu S. aEngineering Optimization: Theory and Practice a3 rd aNew DelhibNew Age International (P) Limited, Publishersc2003 a903